Statistics for 1986 World Cup Winners - Argentina

Click here to take the quiz!

General Stats

  • This quiz has been taken 10 times
  • The average score is 10 of 22

Answer Stats

#PositionAnswer% Correct
10MFDiego Maradona
100%
11FWJorge Valdano
60%
16DFJulio Olarticoechea
60%
7FWJorge Burruchaga
60%
18GKNery Pumpido
50%
14MFRicardo Giusti
50%
2MFSergio Batista
50%
12MFHéctor Enrique
50%
9DFJosé Luis Cuciuffo
50%
6DFDaniel Passarella
50%
5DFJosé Luis Brown
50%
19DFOscar Ruggeri
50%
13DFOscar Garré
40%
20MFCarlos Tapia
30%
15GKLuis Islas
30%
4MFClaudio Borghi
30%
17FWPedro Pasculli
30%
3MFRicardo Bochini
30%
21MFMarcelo Trobbiani
20%
1FWSergio Almirón
20%
8DFNéstor Clausen
20%
22GKHéctor Zelada
20%

Score Distribution

Percentile by Number Answered

Percent of People with Each Score

Your Score History

You have not taken this quiz